Themed General Knowledge Questions #5 - Statistics

General Stats
  • This quiz has been taken 43 times
  • The average score is 5 of 10
Answer Stats
Question Answer % Correct
What is the most expensive spice? Saffron
90%
Which of these are NOT one of the 7 wonders of the ancient world? Stonehenge
77%
Mycology is the study of what? Mushrooms
72%
Which of these is not a type of light bulb? Actinides
69%
Which river is the longest to have no bridges? Amazon River
64%
What is the main world difference in Fahrenheit 451 compared to right now? Books are banned, and burned
59%
Which of these are not a state of matter? Semi-solid colloid
41%
Who was the first king of Israel? Saul
36%
Sri Lankan 'choon paan' bread trucks play music by what classical composer? Beethoven
33%
Which of these are not a power of two? 2024
8%
No matching quizzes found
Score Distribution
Percent of People with Each Score
Percentile by Number Answered
Your Score History
You have not taken this quiz